| 000 -ლიდერი |
| ფიქსირებული სიგრძის საკონტროლო ველი |
02189nam a2200289Ia 4500 |
| 001 - საკონტროლო ნომერი |
| საკონტროლო ველი |
18722 |
| 003 - საკონტროლო ნომრის იდენტიფიკატორი |
| საკონტროლო ველი |
GE_BSU |
| 005 - ბოლო ოპერაციის თარიღი და დრო |
| საკონტროლო ველი |
20210406121559.0 |
| 008 - ფიქსირებული სიგრძის მონაცემთა ელემენტები - ზოგადი ინფორმაცია |
| ფიქსირებული სიგრძის საკონტროლო ველი |
181216s2016||||ge |||||||||||||| ||geo|| |
| 040 ## - კატალოგიზაციის წყარო |
| Transcribing agency |
GE_BSU |
| 041 ## - ენის კოდი |
| Language code of text/sound track or separate title |
geo |
| 080 ## - უნივერსალური ათობითი კლასიფიკაციის ინდექსი |
| Universal Decimal Classification number |
61 ბ-61 |
| 100 ## - მთავარი ჩანაწერი - პიროვნების სახელი |
| Personal name |
ბეშკენაძე, ეკატერინე |
| 9 (RLIN) |
11093 |
| 245 ## - ცნობა სათაურის შესახებ |
| Title |
კბილების ფესვებისა და არხების ანატომიურ - მორფოლოგიური თავისებურებები საქართველოს მოსახლეობაში / |
| Statement of responsibility, etc |
ეკატერინე აბაშიძე; სამეცნიერო ხელმძღვანელები: ნინო ჭიპაშვილი, ეკატერინე მირველაშვილი; თბილისის სახელმწიფო სამედიცინო უნივერსიტეტი. |
| 264 ## - წარმოების, გამოცემის, დისტრიბუციის და სხვა ცნობები |
| გამოცემის, წარმოების, დისტრიბუციის... ადგილი |
თბილისი : |
| გამოცემის, წარმოების, დისტრიბუციის... სახელწოდება |
თბილისის სახელმწ. უნ-ტის გამ-ბა, |
| გამოცემის, წარმოების, დისტრიბუციის... თარიღი |
2016. |
| 300 ## - ფიზიკური აღწერა |
| Extent |
208 გვ.: |
| Other physical details |
ილუსტრაციები; |
| Dimensions |
30 სმ. |
| 504 ## - BIBLIOGRAPHY, ETC. NOTE |
| Bibliography, etc |
ბიბლიოგრაფია: გვ.136-148. |
| 653 ## - INDEX TERM--UNCONTROLLED |
| Uncontrolled term |
დისერტაცია |
| 653 ## - INDEX TERM--UNCONTROLLED |
| Uncontrolled term |
კბილების ფესვებისა და არხების ანატომიურ-მორფოლოგიური თავისებურებები საქართველოს მოსახლეობაში |
| 653 ## - INDEX TERM--UNCONTROLLED |
| Uncontrolled term |
მედიცინა |
| 653 ## - INDEX TERM--UNCONTROLLED |
| Uncontrolled term |
კბილების არხები |
| 653 ## - INDEX TERM--UNCONTROLLED |
| Uncontrolled term |
სტომატოლოგია |
| 700 ## - ADDED ENTRY--PERSONAL NAME |
| Personal name |
ჭიპაშვილი, ნინო |
| Relator term |
სამეცნიერო ხელმძღვანელი |
| 9 (RLIN) |
11094 |
| 700 ## - ADDED ENTRY--PERSONAL NAME |
| Personal name |
მირველაშვილი, ეკატერინე |
| Relator term |
სამეცნიერო ხელმძღვანელი |
| 9 (RLIN) |
11095 |
| 710 ## - ADDED ENTRY--CORPORATE NAME |
| Corporate name or jurisdiction name as entry element |
თბილისის სახელმწიფო სამედიცინო უნივერსიტეტი |
| 9 (RLIN) |
9697 |
| 942 ## - ADDED ENTRY ELEMENTS (KOHA) |
| Koha item type |
წიგნი |
| Source of classification or shelving scheme |
|